Programas de educación primaria

Wedi'i Gadw mewn:
Manylion Llyfryddiaeth
Fformat: Llyfr
Iaith:Sbaeneg
Cyhoeddwyd: Santiago Establecimientos Gráficos Balcells 1928
Pynciau:
Tagiau: Ychwanegu Tag
Dim Tagiau, Byddwch y cyntaf i dagio'r cofnod hwn!

MARC

LEADER 00000nam a2200000 a 4500
001 UCY9158
003 CL-VaPUC
008 950713e19280000CL |||||||||||||||||spa|d
082 0 4 |a 371.3  |b MIN  |2 21 
245 1 0 |a Programas de educación primaria 
300 |a 440 p 
942 |c BK 
945 |d 19950713 00:00:00  |a rbrito 
260 |a Santiago  |b Establecimientos Gráficos Balcells  |c 1928 
650 0 |a Programas de educación  |9 339040 
650 0 |a Educación básica   |9 224933 
583 |a last modification  |c 19950713 00:00:00  |k Rodrigo Vera 
999 |c 236287  |d 236285 
952 |0 0  |1 0  |4 0  |6 371_300000000000000_MIN_1928  |7 0  |8 P  |9 244315  |a BIBEDU  |b BIBEDU  |d 2019-11-18  |i 3095681  |o 371.3 MIN 1928  |p 3095681  |r 2019-11-18  |w 2019-11-18  |y BK  |k EDU